Statistics for Largest Cities and Towns in The Republic of Ireland

Click here to take the quiz!

General Stats

  • This quiz has been taken 32 times
  • The average score is 13 of 20

Answer Stats

HintAnswer% Correct
1,173,179Dublin
100%
208,669Cork
100%
94,192Limerick
96%
79,934Galway
96%
53,504Waterford
88%
26,512Kilkenny
84%
39,004Dundalk
80%
40,956Drogheda
80%
32,600Bray
60%
24,272Carlow
60%
25,276Ennis
56%
21,393Naas
56%
23,691Tralee
52%
21,349Athlone
52%
39,248Swords
48%
30,173Navan
48%
20,928Mullingar
48%
22,742Newbridge
40%
22,050Portlaoise
28%
21,722Balbriggan
24%

Score Distribution

Percentile by Number Answered

Percent of People with Each Score

Your Score History

You have not taken this quiz